| 000 | 00455cam a2200169ua 4500 | ||
|---|---|---|---|
| 041 |
_aeng _h |
||
| 082 |
_a944.04 _bCAR/FR |
||
| 100 | _aCarlyle, Thomas . | ||
| 245 |
_aFrench revolution, Vol 2 / _cThomas Carlyle. _hTextual Documents |
||
| 260 |
_aLondon : _bJ M Dent and Sons Ltd , _c1961. |
||
| 300 | _a403 ; . | ||
| 440 | 0 |
_aEveryman`s Library, _v32 _x; |
|
| 490 | 0 |
_aEveryman`s Library, _v32 _x; |
|
| 504 | _a | ||
| 942 | _cBK | ||
| 999 |
_c6331 _d6331 |
||